Analog communication / (Record no. 17176)

MARC details
000 -LEADER
fixed length control field 00768nam a22002297a 4500
005 - DATE AND TIME OF LATEST TRANSACTION
control field 20081021112118.0
008 - FIXED-LENGTH DATA ELEMENTS--GENERAL INFORMATION
fixed length control field 081021t xxu||||| |||| 00| 0 eng d
010 ## - LIBRARY OF CONGRESS CONTROL NUMBER
LC control number ENG-84214
020 ## - INTERNATIONAL STANDARD BOOK NUMBER
International Standard Book Number 0070647704
020 ## - INTERNATIONAL STANDARD BOOK NUMBER
Terms of availability 150.00 (pbk)
035 ## - SYSTEM CONTROL NUMBER
System control number EN-67747
082 ## - DEWEY DECIMAL CLASSIFICATION NUMBER
Classification number 621.382
100 ## - MAIN ENTRY--PERSONAL NAME
Personal name Thomas, T G
245 ## - TITLE STATEMENT
Title Analog communication /
Statement of responsibility, etc by T G Thomas and S Chandra Sekhar
260 ## - PUBLICATION, DISTRIBUTION, ETC. (IMPRINT)
Place of publication, distribution, etc New Delhi
Name of publisher, distributor, etc Tata McGraw-Hill Publishing
260 ## - PUBLICATION, DISTRIBUTION, ETC. (IMPRINT)
Date of publication, distribution, etc 2007
300 ## - PHYSICAL DESCRIPTION
Extent xxiii,356p
Dimensions 24cm
500 ## - GENERAL NOTE
General note Includes index
700 ## - ADDED ENTRY--PERSONAL NAME
Personal name Chandra Sekhar, S
Titles and other words associated with a name jt auth
942 ## - ADDED ENTRY ELEMENTS (KOHA)
Source of classification or shelving scheme Dewey Decimal Classification
Koha item type English Books
Classification part 621.382
Call number suffix THO
Holdings
Withdrawn status Lost status Source of classification or shelving scheme Damaged status Not for loan Home library Current library Date acquired Cost, normal purchase price Total Checkouts Full call number Barcode Date last seen Cost, replacement price Price effective from Koha item type
    Dewey Decimal Classification   Not For Loan D.B.Act.Division D.B.Act.Division 27/02/2007 150.00   621.382 THO EN-67747 21/10/2008 150.00 21/10/2008 English Books

© Delhi Public Library
Hit Counter
free hit counter